Great Women of Islam: (Record no. 989)

MARC details
000 -LEADER
fixed length control field 006740000a22002290004500
003 - CONTROL NUMBER IDENTIFIER
control field LK-CoMWRAF
005 - DATE AND TIME OF LATEST TRANSACTION
control field 20230923104217.0
008 - FIXED-LENGTH DATA ELEMENTS--GENERAL INFORMATION
fixed length control field 230817t2002 ||||| |||| 00| 0 eng d
040 ## - CATALOGING SOURCE
Original cataloging agency LK-CoMWRAF
Modifying agency LK-CoMWRAF
Description conventions LK-CoMWRAF
041 ## - LANGUAGE CODE
Language code of text/sound track or separate title English
082 ## - DEWEY DECIMAL CLASSIFICATION NUMBER
Classification number 297
Item number GHA
942 ## - ADDED ENTRY ELEMENTS (KOHA)
Koha item type Books
100 ## - MAIN ENTRY--PERSONAL NAME
Personal name Ghadanfar, Mahmood Ahmad
700 ## - ADDED ENTRY--PERSONAL NAME
Personal name Qawi, Jamila Muhammad
Relator Term translator
700 ## - ADDED ENTRY--PERSONAL NAME
Personal name Sapra, Muhammad Ayub
Relator Term editor
700 ## - ADDED ENTRY--PERSONAL NAME
Personal name Farooq, Muhammad
Relator Term editor
245 ## - TITLE STATEMENT
Title Great Women of Islam:
Remainder of title who were given the good news of Paradise
260 ## - PUBLICATION, DISTRIBUTION, ETC. (IMPRINT)
Place of publication, distribution, etc. Riyadh,
Name of publisher, distributor, etc. Darussalam,
Date of publication, distribution, etc. 2002
300 ## - PHYSICAL DESCRIPTION
Extent 272 p.
856 ## - ELECTRONIC LOCATION AND ACCESS
Uniform Resource Identifier <a href="https://files2.shewaya.com/files/67868.pdf">https://files2.shewaya.com/files/67868.pdf</a>
650 ## - SUBJECT ADDED ENTRY--TOPICAL TERM
Topical term or geographic name as entry element WOMEN-Islam
Holdings
Withdrawn status Lost status Damaged status Not for loan Permanent Location Current Location Date acquired Full call number Barcode Koha item type
        Resource center, Muslim Women's Research And Action Forum Resource center, Muslim Women's Research And Action Forum 2023-08-17 297 GHA RAF751 Books

Copyright © 2023 Muslim Women's Research and Action Forum (MWRAF), No 27/3, Anderson Road, Kalubowila, Dehiwela. Funded by The Asia Fundation